00244nam a22000977a 4500082001200000245007100012260002400083300000900107650001100116650001900127 a674 LEA aDomestication of tropical trees for timber and non-timber products aParisbUnescoc1994 a94 p aTimber aTropical trees